000 00405nam a22001577a 4500
005 20190527145732.0
008 190527b xxu||||| |||| 00| 0 eng d
020 _a978-81-85790-20-6
041 _aeng
100 _aKASTURE, DR. A.V. AND WADODKAR, DR, S.G.
_94967
245 _aPHARMACEUTICAL CHEMISTRY
250 _a21ST , ED. 2019
260 _aPUNE
_bNIRALI PRAKASHAN
300 _a373p,
942 _cBK
999 _c5852
_d5850